000 00458nam a2200169Ia 4500
008 151213s9999 xx 000 0 und d
020 _a0-13-816942-6
100 _aDaniels, Radebaugh. Sullivan.
245 _aInternational Business
_cDaniels, Radebaugh. Sullivan.
250 _a11th
260 _aPrentic Hall
_bPearson
_c2007
300 _a9255 p.
650 _aBusiness
650 _aBusiness
700 _aDaniels, Radebaugh. Sullivan.
999 _c4721
_d4721